| 000 | 03557 a2200481 4500 | ||
|---|---|---|---|
| 001 | 23880179 | ||
| 003 | 0000 | ||
| 005 | 20260407120611.0 | ||
| 008 | 240923s2025 flu b 001 0 eng | ||
| 010 | _a 2024043415 | ||
| 020 | _a9781774916285 | ||
| 020 | _a9781774916292 | ||
| 020 | _z9781003498452 | ||
| 035 | _a23880179 | ||
| 040 |
_aDNAL/DLC _beng _erda _cDLC |
||
| 042 | _apcc | ||
| 050 | 0 | 0 |
_aG70.212 _b.G47346 2025 |
| 070 | 0 |
_aG70.212 _b.G45 2025 |
|
| 082 | 0 | 0 |
_a338.10285 _223/eng/20241014 |
| 245 | 0 | 0 |
_aGeoinformatics : _ban emerging approach for sustainable crop production and food security / _cedited by Vishnu D. Rajput, Abhishek Singh, Tatiana Minkina, Anil Kumar Singh, Narendra Pratap Singh. |
| 250 | _aFirst edition. | ||
| 263 | _a2412 | ||
| 264 | 1 |
_aPalm Bay, FL : _bApple Academic Press, _c2025. |
|
| 300 |
_axvi,367p. _bill.: |
||
| 336 |
_atext _btxt _2rdacontent |
||
| 337 |
_aunmediated _bn _2rdamedia |
||
| 338 |
_avolume _bnc _2rdacarrier |
||
| 504 | _aIncludes bibliographical references and index. | ||
| 520 |
_a"Geoinformatics is a cutting-edge tool that develops and uses information science technology that can have far-reaching implications that include boosting agricultural output, increasing food supply, and reducing hunger-related problems in poor and developing countries. This new book, Geoinformatics: An Emerging Approach for Sustainable Crop Production and Food Security, highlights the many applications of geoinformatics in agriculture, mainly its potential to improve agricultural systems and environmental issues through innovative, eco-friendly approaches. The book is divided into seven sections. Part I contains foundational material on the field of geoinformatics. Part II discusses the role of geoinformatics in agriculture and food security. Part III serves broad knowledge about geoinformatics-based crop screening and protection. Part IV explains how geoinformatics integrates big data and AI for sustainable agriculture and horticulture. Part V deals with geoinformatics and fertilizers and base management of soil fertility. In Part VI, cutting-edge GIS methods are discussed for abiotic stresses management and climate change. The final section discusses the application of geoinformatics for policymaking and the impact of geoinformatics and climate change on agriculture systems. Providing state-of-the-art knowledge on both theoretical and applied aspects of nanotechnology in soil science, plant breeding, biotechnology, tools design, formulation, application, and management, as well as the effects of these tools on soil properties and plant characteristics, and some abiotic interactions, this new volume will prove invaluable for graduate students, researchers, and professionals in agricultural and related disciplines as well as policymakers"-- _cProvided by publisher. |
||
| 530 | _aAlso available online. | ||
| 650 | 0 | _aGeoinformatics. | |
| 650 | 0 |
_aSustainable agriculture _xGeographic information systems. |
|
| 650 | 0 | _aAgricultural mathematics. | |
| 700 | 1 |
_aRajput, Vishnu D., _eeditor. |
|
| 700 | 1 |
_aSingh, Abhishek, _d1994- _eeditor. |
|
| 700 | 1 |
_aMinkina, Tatiana M., _eeditor. |
|
| 700 | 1 |
_aSingh, Anil Kumar _c(Remote sensing GIS researcher) _eeditor. |
|
| 700 | 1 |
_aSingh, N. P. _q(Narendra Pratap), _d1960- _eeditor. |
|
| 776 | 0 | 8 |
_iOnline version: _tGeoinformatics _bFirst edition. _dPalm Bay, FL : Apple Academic Press, 2024 _z9781003498452 _w(DLC) 2024043416 |
| 906 |
_a7 _bcbc _corignew _d1 _eecip _f20 _gy-gencatlg |
||
| 942 |
_2lcc _cBK |
||
| 999 |
_c44267 _d44267 |
||